<?xml version="1.0" encoding="UTF-8"?>
<record
    xmlns:xsi="http://www.w3.org/2001/XMLSchema-instance"
    xsi:schemaLocation="http://www.loc.gov/MARC21/slim http://www.loc.gov/standards/marcxml/schema/MARC21slim.xsd"
    xmlns="http://www.loc.gov/MARC21/slim">

  <leader>01047nam a22002777i 4500</leader>
  <controlfield tag="003">OSt</controlfield>
  <controlfield tag="005">20251203140928.0</controlfield>
  <controlfield tag="008">251203s2022    gw|ao||gr|||| 001 0 eng d</controlfield>
  <datafield tag="020" ind1=" " ind2=" ">
    <subfield code="a">9786150152790</subfield>
  </datafield>
  <datafield tag="040" ind1=" " ind2=" ">
    <subfield code="b">spa</subfield>
    <subfield code="c">LADOV</subfield>
  </datafield>
  <datafield tag="041" ind1="0" ind2=" ">
    <subfield code="a">eng</subfield>
  </datafield>
  <datafield tag="082" ind1="0" ind2="4">
    <subfield code="a">700.744.39</subfield>
    <subfield code="b">K14o</subfield>
  </datafield>
  <datafield tag="100" ind1="1" ind2=" ">
    <subfield code="a">K&#xE1;lm&#xE1;n, Rita</subfield>
    <subfield code="e">editora</subfield>
  </datafield>
  <datafield tag="245" ind1="0" ind2="0">
    <subfield code="a">On the same page / </subfield>
    <subfield code="c">editors Rita K&#xE1;lm&#xE1;n, L&#xED;via P&#xE1;ldi y Katarina &#x160;evi&#x107;.</subfield>
  </datafield>
  <datafield tag="260" ind1=" " ind2=" ">
    <subfield code="a">Alemania : </subfield>
    <subfield code="b">OFF Biennale Budapest,</subfield>
    <subfield code="c">2021.</subfield>
  </datafield>
  <datafield tag="300" ind1=" " ind2=" ">
    <subfield code="a">176 p&#xE1;ginas : </subfield>
    <subfield code="b">fotograf&#xED;as e ilustraciones a color ; </subfield>
    <subfield code="c">29.6 cm</subfield>
  </datafield>
  <datafield tag="520" ind1="3" ind2=" ">
    <subfield code="a">Este libro se publica con motivo de la participaci&#xF3;n de OFF-Biennale Budapest en documenta fifteen, en Kassel, Alemania.</subfield>
  </datafield>
  <datafield tag="650" ind1="0" ind2="4">
    <subfield code="a">Arte contempor&#xE1;neo</subfield>
  </datafield>
  <datafield tag="650" ind1="0" ind2="4">
    <subfield code="a">Artistas</subfield>
    <subfield code="z">Hungr&#xED;a</subfield>
  </datafield>
  <datafield tag="650" ind1="0" ind2="4">
    <subfield code="a">Artistas</subfield>
    <subfield code="z">Alemania</subfield>
  </datafield>
  <datafield tag="650" ind1="0" ind2="4">
    <subfield code="a">Eventos</subfield>
    <subfield code="v">bienal</subfield>
  </datafield>
  <datafield tag="710" ind1="1" ind2=" ">
    <subfield code="a">P&#xE1;ldi, L&#xED;via </subfield>
    <subfield code="e">editora</subfield>
  </datafield>
  <datafield tag="710" ind1="1" ind2=" ">
    <subfield code="a">&#x160;evi&#x107;, Katarina</subfield>
    <subfield code="e">editora</subfield>
  </datafield>
  <datafield tag="856" ind1=" " ind2=" ">
    <subfield code="u">https://offbiennale.hu/en/documenta-fifteen/on-the-same-page/</subfield>
  </datafield>
  <datafield tag="942" ind1=" " ind2=" ">
    <subfield code="2">ddc</subfield>
    <subfield code="c">1</subfield>
    <subfield code="n">0</subfield>
    <subfield code="h">700.744.39</subfield>
    <subfield code="i">K14o</subfield>
  </datafield>
  <datafield tag="999" ind1=" " ind2=" ">
    <subfield code="c">4578</subfield>
    <subfield code="d">4578</subfield>
  </datafield>
  <datafield tag="952" ind1=" " ind2=" ">
    <subfield code="0">0</subfield>
    <subfield code="1">0</subfield>
    <subfield code="2">ddc</subfield>
    <subfield code="4">0</subfield>
    <subfield code="7">0</subfield>
    <subfield code="8">Libros</subfield>
    <subfield code="a">LV</subfield>
    <subfield code="b">LV</subfield>
    <subfield code="d">2025-12-03</subfield>
    <subfield code="l">0</subfield>
    <subfield code="o">700.744.39 K14o</subfield>
    <subfield code="p">002734</subfield>
    <subfield code="r">2025-12-03 00:00:00</subfield>
    <subfield code="w">2025-12-03</subfield>
    <subfield code="y">1</subfield>
  </datafield>
</record>
